Report of the Army Welfare Inquiry Committee (Record no. 493808)

000 -LEADER
fixed length control field 00345cam a22001097a 4500
008 - FIXED-LENGTH DATA ELEMENTS--GENERAL INFORMATION
fixed length control field 180718b1976 xxu||||| |||| 00| 0 eng d
082 ## - DEWEY DECIMAL CLASSIFICATION NUMBER
Classification number N12x42 Un3a
245 ## - TITLE STATEMENT
Title Report of the Army Welfare Inquiry Committee
Statement of responsibility, etc. by Her Majesty's Stationery Office
260 ## - PUBLICATION, DISTRIBUTION, ETC.
Place of publication, distribution, etc. London
Name of publisher, distributor, etc. The author
Date of publication, distribution, etc. 1976
300 ## - PHYSICAL DESCRIPTION
Extent 220p.
700 ## - ADDED ENTRY--PERSONAL NAME
Personal name Her Majesty's Stationery Office
Holdings
Withdrawn status Lost status Damaged status Not for loan Permanent Location Current Location Date acquired Full call number Barcode Date last seen Price effective from Koha item type
        Indian Institute of Public Administration Indian Institute of Public Administration 2018-08-04 N12x42 Un3a G14723 2018-08-04 2018-08-04 G

Powered by Koha